000 00894nam a2200205Ia 4500
999 _c55300
_d55300
003 GCL
005 20240530105348.0
008 140319s9999 xx 000 0 ara d
040 _aGCL /
_cGCL
082 0 4 _a953.03
_bم ك
100 0 _aالمقريزى : تقى الدين ابو العباس احمد بن على بن عبدالقادر بن محمد الحسينى العبيدى
245 1 0 _aكتاب النزاع والتخاصم فيما بين بنى امية وبنى هاشم /
_cالمقريزى : تقى الدين ابو العباس احمد بن على بن عبدالقادر بن محمد الحسينى العبيدى
260 _a[S.N] :
_bدار المعارف ،
_c1988
300 _a152 ص
490 _aزهد المسلمين
_v0
650 0 4 _aتاريخ
650 0 4 _aالتاريخ الاسلامى
650 0 4 _aالدولة الاموية
942 _2ddc
_cBK